00482cam a2200181u 450000100060000000300080000600500170001400800390003103500190007004000240008904100080011308200200012110000300014124500290017125000190020026000600021930000210027923054BD-RjUL20211209000903.0140310t19631956u a 000 0 eng a(BD-RjUL)23119 aDLCcCarPdDLCbeng aeng a833.9bKAT 19631 aKafka, Franz,d1883-1924.14aThe trial /cFranz Kafka aDefinitive ed. aLondon :bSecker and warburg ,cc1956 [reprinting 1963] a604 p ;.c21 cm.